أحاديث حقوق المرأة وواجباتها في الكتب الستة : (رقم التسجيلة. 178201)
[ عرض عادي ]
| 000 -LEADER | |
|---|---|
| fixed length control field | 03861namaa22004331i 4500 |
| 003 - CONTROL NUMBER IDENTIFIER | |
| control field | OSt |
| 005 - أخر تعامل مع التسجيلة | |
| control field | 20260303114544.0 |
| 008 - FIXED-LENGTH DATA ELEMENTS--GENERAL INFORMATION | |
| fixed length control field | 250827s2025 ua a|||frm||| 000 0 eng d |
| 040 ## - CATALOGING SOURCE | |
| Original cataloguing agency | EG-GICUC |
| Language of cataloging | ara |
| Transcribing agency | EG-GICUC |
| Modifying agency | EG-GICUC |
| Description conventions | rda |
| 041 0# - LANGUAGE CODE | |
| Language code of text/sound track or separate title | ara |
| Language code of summary or abstract | ara |
| -- | eng |
| 049 ## - Acquisition Source | |
| Acquisition Source | إيداع |
| 082 04 - DEWEY DECIMAL CLASSIFICATION NUMBER | |
| Classification number | 235 |
| 092 ## - LOCALLY ASSIGNED DEWEY CALL NUMBER (OCLC) | |
| Classification number | 235 |
| Edition number | 21 |
| 097 ## - Degree | |
| Degree | دكتـــــوراه |
| 099 ## - LOCAL FREE-TEXT CALL NUMBER (OCLC) | |
| Local Call Number | Cai01.06.01.Ph.D.2025.عب.أ |
| 100 0# - MAIN ENTRY--PERSONAL NAME | |
| Authority record control number or standard number | ،عبدالله علي عبدالسلام عليلش |
| Preparation | إعداد. |
| 245 10 - TITLE STATEMENT | |
| Title | أحاديث حقوق المرأة وواجباتها في الكتب الستة : |
| Remainder of title | دراسة أسلوبية / |
| Statement of responsibility, etc. | إعداد عبدالله علي عبدالسلام عليلش؛ إشراف أ.د.عبد الحميد أحمد يوسف هنداوي، أ.د.مريم إبراهيم هندي. |
| 246 15 - VARYING FORM OF TITLE | |
| Title proper/short title | The hadiths of women’s rights and duties in the six books : |
| Remainder of title | A stylistic study / |
| 264 #0 - PRODUCTION, PUBLICATION, DISTRIBUTION, MANUFACTURE, AND COPYRIGHT NOTICE | |
| Date of production, publication, distribution, manufacture, or copyright notice | 2025. |
| 300 ## - PHYSICAL DESCRIPTION | |
| Extent | 268 ورقة : |
| Other physical details | إيضاحيات ؛ |
| Dimensions | 30 سم. + |
| Accompanying material | CD. |
| 336 ## - CONTENT TYPE | |
| Content type term | text |
| Source | rda content |
| 337 ## - MEDIA TYPE | |
| Media type term | Unmediated |
| Source | rdamedia |
| 338 ## - CARRIER TYPE | |
| Carrier type term | volume |
| Source | rdacarrier |
| 502 ## - DISSERTATION NOTE | |
| Dissertation note | أطروحة (دكتوراه)-جامعة القاهرة، 2025. |
| 504 ## - BIBLIOGRAPHY, ETC. NOTE | |
| Bibliography, etc. note | ببليوجرافيا: صفحات 249-261. |
| 520 ## - SUMMARY, ETC. | |
| Summary, etc. | تناولت فيه التحليل الأسلوبي لنماذج من الأحاديث النبوية في الكتب الستة، وهي: (صحيح البخاري، وصحيح مسلم، وسنن أبي داود، وسنن الترمذي، وسنن النسائي، وسنن ابن ماجه)، على المستوى: الصوتي، والصرفي، والمعجمي، والتركيبي، والتصويري.وقد تبين للباحث من خلال الدراسة تميز الاحاديت النبوية بطبيعة أسلوبية وأقناعية خاصة تعتمد توظيف أدوات اللغة وألياتها لاقناع المخاطب ومن ثم يوصي البحث بضرورة الاهتمام بالدراسة الحجاجية للسنة النبوية لابراز قيمتها في بيان قيم هذا الدين الحنيف السمح وبيان أحكامه. |
| 520 ## - SUMMARY, ETC. | |
| Summary, etc. | This research is a doctoral dissertation titled: (The Hadiths of Women’s Rights and Duties in the Six Books: “A Stylistic Study”): I dealt with the stylistic analysis of samples of hadiths in the six books, namely: (Sahih al-Bukhari, Sahih Muslim, Sunnah Abu Dawud, Sunnah al-Tirmidhi, Sunnah al-Nisa’i, and Sunnah Ibn Majah), at the level of phonetic, morphological, lexical, and pictorial.Through the study, the researcher found that the prophetic hadiths are characterized by a special stylistic and persuasive nature that employs the tools and mechanisms of language to persuade the addressee; hence, the research recommends the need to pay attention to the argumentative study of the Sunnah to highlight its value in explaining the values of this tolerant religion and explaining its rulings. |
| 530 ## - ADDITIONAL PHYSICAL FORM AVAILABLE NOTE | |
| Issues CD | صدر أيضًا كقرص مدمج. |
| 546 ## - LANGUAGE NOTE | |
| Text Language | النص بالعربية والملخص باللغة الإنجليزية والعربية. |
| 650 #7 - SUBJECT ADDED ENTRY--TOPICAL TERM | |
| Topical term or geographic name entry element | المرأة فى الاسلام |
| Source of heading or term | qrmak |
| 650 #7 - SUBJECT ADDED ENTRY--TOPICAL TERM | |
| Topical term or geographic name entry element | الحديث |
| Source of heading or term | qrmak |
| General subdivision | الكتب الستة |
| 653 #0 - INDEX TERM--UNCONTROLLED | |
| Uncontrolled term | حقوق |
| -- | المرأة |
| -- | أسلوبية |
| -- | الكتب الستة |
| 700 0# - ADDED ENTRY--PERSONAL NAME | |
| Personal name | عبد الحميد أحمد يوسف هنداوي |
| Relator term | مشرف أطروحة. |
| 700 0# - ADDED ENTRY--PERSONAL NAME | |
| Personal name | مريم إبراهيم هندي |
| Relator term | مشرف أطروحة. |
| 900 ## - Thesis Information | |
| Grant date | 01-01-2025 |
| Supervisory body | عبد الحميد أحمد يوسف هنداوي |
| -- | مريم إبراهيم هندي |
| Discussion body | حسن طبل |
| -- | إبراهيم الهدهد |
| Universities | جامعة القاهرة |
| Faculties | كلية دار علوم |
| Department | قسم البلاغة والنقد الادبي والادب المقارن |
| 905 ## - Cataloger and Reviser Names | |
| Cataloger Name | Sara Salah |
| Reviser Names | Afaf |
| 942 ## - ADDED ENTRY ELEMENTS (KOHA) | |
| Source of classification or shelving scheme | Dewey Decimal Classification |
| Koha item type | Thesis |
| Edition | 21 |
| Suppress in OPAC | No |
| Source of classification or shelving scheme | Home library | Current library | Date acquired | Inventory number | Full call number | Barcode | Date last seen | Effective from | Koha item type |
|---|---|---|---|---|---|---|---|---|---|
| Dewey Decimal Classification | المكتبة المركزبة الجديدة - جامعة القاهرة | قاعة الرسائل الجامعية - الدور الاول | 05.02.2026 | 32928 | Cai01.06.01.Ph.D.2025.عب.أ | 01010100032928000 | 05.02.2026 | 05.02.2026 | Thesis |